[Event "Moscow-ch sf"]
[Site "Moscow"]
[Date "2012.02.28"]
[Round "3"]
[White "Shubin, Gennady"]
[Black "Yudkevich, Mikhail"]
[Result "0-1"]
[WhiteElo "2006"]
[BlackElo "2200"]
[PlyCount "96"]
[EventDate "2012.02.26"]
[EventType "swiss"]
[EventRounds "9"]
[EventCountry "RUS"]
[SourceTitle "CBM 147 Extra"]
[Source "ChessBase"]
[SourceDate "2012.04.24"]
[SourceVersion "1"]
[SourceVersionDate "2012.04.24"]
[SourceQuality "1"]

1. e4 e6 2. Nf3 c5 3. Nc3 Nc6 4. d4 cxd4 5. Nxd4 d6 6. Be3 Nf6 7. Be2 Be7 8. f4 0-0 9. 0-0 Bd7 10. Ndb5 Qb8 11. f5 a6 12. fxe6 fxe6 13. Nd4 b5 14. Bf3 Ne5 15. a3 Nc4 16. Bc1 Qb6 17. Kh1 Rac8 18. b3 Ne5 19. Bb2 a5 20. Be2 b4 21. axb4 axb4 22. Ra6 Qb7 23. Na4 Nxe4 24. Nf3 Ng4 25. Kg1 Bxa4 26. Rxa4 Nc3 27. Bxc3 Rxc3 28. Qd4 Ne3 29. Rxb4 Qc7 30. Rc4 Rxc4 31. Qxe3 Qc5 32. Qxc5 Rxc5 33. c4 Rb8 34. Nd4 Bf6 35. Nxe6 Re5 36. Bf3 Rxe6 37. Bd5 Kf7 38. Re1 Be5 39. Rb1 Ke7 40. Bxe6 Kxe6 41. b4 Kd7 42. g3 Ra8 43. Kg2 Ra3 44. b5 Kc7 45. Rc1 Kb6 46. Rb1 Rc3 47. Rb4 Kc5 48. Rb1 Rxc4 0-1

[Event "Moscow-ch sf"]
[Site "Moscow"]
[Date "2011.03.19"]
[Round "4"]
[White "Pletnev, Evgeniy"]
[Black "Shubin, Gennady"]
[Result "1/2-1/2"]
[WhiteElo "2263"]
[BlackElo "2041"]
[PlyCount "96"]
[EventDate "2011.03.13"]
[EventType "swiss"]
[EventRounds "9"]
[EventCountry "RUS"]
[SourceTitle "CBM 141 Extra"]
[Source "ChessBase"]
[SourceDate "2011.05.03"]
[SourceVersion "1"]
[SourceVersionDate "2011.05.03"]
[SourceQuality "1"]

1. d4 Nf6 2. Bg5 d5 3. Bxf6 exf6 4. e3 Be6 5. Nd2 Nd7 6. Ne2 Bd6 7. g3 c6 8. Bg2 f5 9. Nf4 Nf6 10. Qe2 Ne4 11. 0-0 0-0 12. b3 Qf6 13. f3 Nxd2 14. Qxd2 Rfe8 15. c3 Qh6 16. Rae1 Rad8 17. Rf2 Bc7 18. Nd3 b6 19. Qc2 Rc8 20. c4 Bd7 21. f4 Be6 22. Rc1 Qf6 23. Qd1 Bd6 24. c5 Bc7 25. cxb6 Bxb6 26. Nc5 Qe7 27. Qd3 Bd7 28. Re2 g6 29. Kf2 Be6 30. Rec2 Qf6 31. b4 Qe7 32. Qa3 Bxc5 33. Rxc5 Qb7 34. Bf1 Qb6 35. Qa4 Bd7 36. Ra5 Rc7 37. Rcc5 Rb8 38. a3 Kg7 39. Qc2 Rcb7 40. Ra6 Qd8 41. Rca5 Qc7 42. Qc5 Ra8 43. Bd3 Rb6 44. b5 Bc8 45. bxc6 Bxa6 46. Rxa6 Rc8 47. Qxd5 Rxc6 48. Qe5+ Qxe5 1/2-1/2

[Event "Moscow op-B"]
[Site "Moscow"]
[Date "2009.02.05"]
[Round "6"]
[White "Shubin, Gennady"]
[Black "Grigoriev, Radimir"]
[Result "1/2-1/2"]
[WhiteElo "1913"]
[BlackElo "2065"]
[PlyCount "85"]
[EventDate "2009.01.31"]
[EventType "swiss"]
[EventRounds "9"]
[EventCountry "RUS"]
[SourceTitle "EXT 2012"]
[Source "ChessBase"]
[SourceDate "2011.11.24"]
[SourceVersion "1"]
[SourceVersionDate "2011.11.24"]
[SourceQuality "1"]

1. e4 e5 2. Nf3 Nc6 3. d4 exd4 4. Nxd4 d6 5. Bb5 Bd7 6. 0-0 Be7 7. Be3 Nf6 8. Nf5 0-0 9. Nc3 Bxf5 10. exf5 Ne5 11. h3 c6 12. Be2 d5 13. g4 Ne8 14. Bd4 f6 15. f4 Nf7 16. Be3 Qa5 17. Bf3 Bc5 18. Bd4 Nc7 19. Ne2 Rae8 20. Kg2 Nd6 21. b3 Bxd4 22. Qxd4 Ncb5 23. Qc5 Ne4 24. Bxe4 Rxe4 25. Ng3 Rd4 26. a4 Qc3 27. Qxc3 Nxc3 28. Rae1 Ne4 29. Nxe4 dxe4 30. Re3 Re8 31. Rfe1 Rd2+ 32. R1e2 Rxe2+ 33. Rxe2 Kf7 34. Kf2 Re7 35. Ke3 c5 36. Rd2 Ke8 37. Rd6 Rd7 38. Rxd7 Kxd7 39. Kxe4 Kc6 40. g5 b6 41. c3 a6 42. c4 Kd6 43. Kf3 1/2-1/2

[Event "Moscow op-B"]
[Site "Moscow"]
[Date "2009.02.04"]
[Round "5"]
[White "Shubin, Gennady"]
[Black "Mezentsev, Ivan"]
[Result "1-0"]
[WhiteElo "1913"]
[BlackElo "1400"]
[PlyCount "57"]
[EventDate "2009.01.31"]
[EventType "swiss"]
[EventRounds "9"]
[EventCountry "RUS"]
[SourceTitle "EXT 2012"]
[Source "ChessBase"]
[SourceDate "2011.11.24"]
[SourceVersion "1"]
[SourceVersionDate "2011.11.24"]
[SourceQuality "1"]

1. e4 c5 2. Nf3 Nc6 3. d4 cxd4 4. Nxd4 g6 5. Nc3 Bg7 6. Be3 Nf6 7. Nxc6 bxc6 8. e5 Ng8 9. f4 f6 10. Bd4 fxe5 11. fxe5 Qc7 12. e6 Nf6 13. exd7+ Bxd7 14. Bc4 Rd8 15. Qd2 Qb7 16. 0-0 Qb4 17. b3 Qa5 18. Qe1 Qg5 19. h4 Qg4 20. Ne4 Qxe4 21. Qxe4 Nxe4 22. Bxg7 e6 23. Bxh8 Ke7 24. Be5 Bc8 25. Rae1 Nd2 26. Bf6+ Kd7 27. Rd1 Rf8 28. Rxd2+ Kc7 29. Be5+ 1-0